Sunshine, Lollipops And Rainbows - Lyrics - Statistics

General Stats
  • This quiz has been taken 15 times
  • The average score is 103 of 159
Answer Stats
Answer % Correct
a
100%
and
100%
And
100%
lollipops
100%
rain
100%
rainbows
100%
Sunshine,
100%
sunshine,
100%
I
92%
is
92%
Everything
75%
everything
75%
that
75%
to
75%
together
75%
we're
75%
when
75%
When
75%
that's
67%
That's
67%
the
67%
what
67%
you
67%
come
58%
feel
58%
My
58%
your
58%
are
50%
in
50%
just
50%
know
50%
love
50%
love,
50%
mine
50%
on,
50%
than
50%
way
50%
wonderful
50%
you're
50%
Brighter
42%
fine
42%
how
42%
life
42%
lucky
42%
penny
42%
so
42%
stay
42%
clouds
33%
dear
33%
disappear,
33%
everybody
33%
goes,
33%
here
33%
join
33%
refrain
33%
sure
33%
this
33%
'Cause
17%
No matching quizzes found
Score Distribution
Percent of People with Each Score
Percentile by Number Answered
Your Score History
You have not taken this quiz